Top 5 NFL Teams 2024/2025 season - Statistics

General Stats
  • This quiz has been taken 59 times
  • The average score is 4 of 5
Answer Stats
Power rank Record Team % Correct
3 15 - 1 Chiefs
98%
4 13 - 3 Eagles
96%
1 13 - 3 Bills
90%
2 14 - 2 Lions
86%
5 11 - 5 Ravens
78%
No matching quizzes found
Score Distribution
Percent of People with Each Score
Percentile by Number Answered
Your Score History
You have not taken this quiz